[Event "TUR-chT U18"]
[Site "Karaman"]
[Date "2024.04.22"]
[Round "4"]
[White "Cetinavci, Irmak"]
[Black "Ozgor, Ezel"]
[Result "0-1"]
[WhiteElo "1607"]
[BlackElo "1741"]
[PlyCount "90"]
[EventDate "2024.04.21"]
[EventType "team-tourn"]
[EventRounds "9"]
[EventCountry "TUR"]
[SourceTitle "EXT 2025"]
[Source "ChessBase"]
[SourceDate "2024.10.14"]
[SourceVersion "1"]
[SourceVersionDate "2024.10.14"]
[SourceQuality "1"]

1. Nf3 d5 2. g3 Nf6 3. Bg2 c5 4. d3 Nc6 5. 0-0 e5 6. c4 d4 7. Nbd2 h6 8. b3 g5 9. Bb2 Bf5 10. a3 a5 11. Qc2 Qd7 12. Rfd1 Be7 13. Ne4 Nh5 14. Qd2 Rg8 15. Ne1 Be6 16. f3 f5 17. Nf2 Nf6 18. Nc2 h5 19. b4 f4 20. bxc5 Bxc5 21. Rf1 0-0-0 22. Rab1 Qg7 23. Qe1 Bd7 24. Ba1 g4 25. Ne4 Nxe4 26. fxe4 Rdf8 27. Rb3 Rf6 28. Rb1 Rgf8 29. Qd2 f3 30. Bh1 f2+ 31. Kg2 Qh7 32. h4 gxh3+ 33. Kh2 h4 34. gxh4 Qxh4 35. Bf3 Rxf3 36. exf3 Rxf3 37. Ne1 Qg3+ 38. Kh1 fxe1Q 39. Rbxe1 Rxd3 40. Qc2 Bg4 41. Bb2 Bf3+ 42. Rxf3 Qxf3+ 43. Kg1 Qg3+ 44. Kf1 Rf3+ 45. Ke2 Rf2+ 0-1